New platform for the learning society over continents Modern european philosophy of lifelong learning

Enregistré dans:
Détails bibliographiques
Auteur principal: Tkáčiková, Jarmila
Format: Chapitre de livre
Langue:anglais
Tags: Ajouter un tag
Pas de tags, Soyez le premier à ajouter un tag!

MARC

LEADER 00000nla a2200000 4500
001 0161908
005 20240502083400.3
041 0 |a eng 
044 |a CA 
245 1 0 |a New platform for the learning society over continents Modern european philosophy of lifelong learning  |c Jarmila Tkáčiková 
500 |a Prezentácia 
100 1 |a Tkáčiková, Jarmila